00215nam a2200097Ia 4500008004100000082000800041100001800049245002900067942000600096999001500102240331s9999 xx 000 0 und d bCAS aSilva,K.T. ed 0aCasteless or caste blind cL c4502d4502